Industrial Relations in Developing Countries: The Case of Nigeria (Record no. 1871)

MARC details
000 -LEADER
fixed length control field 00370nam a22001337a 4500
008 - FIXED-LENGTH DATA ELEMENTS--GENERAL INFORMATION
fixed length control field 250106b |||||||| |||| 00| 0 eng d
020 ## - INTERNATIONAL STANDARD BOOK NUMBER
ISBN 0333360133
100 ## - MAIN ENTRY--AUTHOR
Author UBEKU, K Abel
245 ## - TITLE STATEMENT
Title Industrial Relations in Developing Countries: The Case of Nigeria
260 ## - PUBLICATION, DISTRIBUTION, ETC. (IMPRINT)
Place of publication London
Name of publisher Macmillan Press Ltd
Date of publication 1983
300 ## - COLLATION
Pagination xix, 246p.
942 ## - ADDED ENTRY ELEMENTS (KOHA)
Item type Books
050 ## - LIBRARY OF CONGRESS CALL NUMBER
Classification number HD6960
Item number .U24
Holdings
Source of classification or shelving scheme Not for loan Permanent location Current location Date acquired Accession No. Full call number Barcode. Koha item type
Library of Congress Classification   Samuel Ogbemudia Main Library, University of Abuja Samuel Ogbemudia Main Library, University of Abuja 01/06/2025 91005940 HD6960.U24 2025-0003 Books